| 000 | 01451cam a2200409 a 4500 | ||
|---|---|---|---|
| 001 | 21510 | ||
| 003 | VRT | ||
| 005 | 20260303142352.0 | ||
| 008 | 240315s1992 xo a c 0000f slo | ||
| 015 | _aSNBA1992/08 | ||
| 020 |
_a8006004897 _q(brož.) |
||
| 035 | _aSNK000011581 | ||
| 039 | 9 |
_a202405301258 _bcsnk01 _c202405301256 _dcsnk01 _c202403152023 _dVLOAD _c201603141610 _dVLOAD |
|
| 040 |
_aSNK _bslo _cSNK _eAACR2 |
||
| 041 | 1 |
_aslo _geng |
|
| 044 |
_axo _cSK |
||
| 080 |
_a820 (73)-3(087.5) _21981 |
||
| 100 | 1 |
_aBurroughs, Edgar Rice, _d1875-1950 _4aut |
|
| 240 | 1 | 0 |
_aThe son of Tarzan _lSlovensky |
| 245 | 1 | 0 |
_aTarzanov syn _cEdgar Rice Burroughs ; preložil Štefan Hubač ; ilustroval Charles Ren |
| 250 | _a2. vyd. | ||
| 260 |
_aBratislava _bMladé letá _c1992 _eNitra _fNitrianske tlačiarne |
||
| 300 |
_a253 s _bilustr. _c20 cm |
||
| 500 | _aPre čitateľov od 11 rokov | ||
| 655 | 7 |
_aamerické romány _2SNKPH |
|
| 655 | 7 |
_adobrodružné romány _2SNKPH |
|
| 655 | 7 |
_aliteratúra pre deti a mládež _2SNKPH |
|
| 700 | 1 |
_aHubač, Štefan _4trl |
|
| 700 | 1 |
_aRen, Charles _4ill |
|
| 942 |
_2ddc _cKLDE _n0 |
||
| 949 |
_617A0155692 _9P60, <05>, [BOOK], {605} _asnkSD 64391 D1 |
||
| 949 |
_617A1044943 _asnkSD 64391 |
||
| 949 |
_6273K0202466 _asvkpoA 156314 _bsvkpo386359 _oPV 5457/92 |
||
| 949 |
_6270001000067123 _asvkbbA 80107 _bsvkbbm 569768 |
||
| 999 |
_c21510 _d21510 |
||